| 000 | 00802cam a2200253 i 4500 | ||
|---|---|---|---|
| 001 | 3195242 | ||
| 003 | ARRUPE | ||
| 005 | 20140131112623.0 | ||
| 008 | 770729s1976 gau b 001 0 eng | ||
| 010 | _a 77079586 | ||
| 020 | _a0804204519 | ||
| 040 |
_aDLC _cDLC _dDLC |
||
| 050 | 0 | 0 |
_aBS2595.2 _b.D78 1976 |
| 082 | 0 | 0 | _a226/.4/06 |
| 100 | 1 |
_aDrury, John, _d1936- _97476 |
|
| 245 | 1 | 0 |
_aTradition and design in Luke's Gospel : _ba study in early Christian historiography / _cJohn Drury. |
| 260 |
_aAtlanta : _bJohn Knox Press, _c1976. |
||
| 300 |
_axiii, 207 p. ; _c21 cm. |
||
| 500 | _aIncludes index. | ||
| 504 | _aBibliography: p. 193-196. | ||
| 630 | 0 | 0 |
_aBible. _pLuke _xCriticism, interpretation, etc. _97477 |
| 906 |
_a7 _bcbc _corignew _d1 _eopcn _f19 _gy-gencatlg |
||
| 942 |
_2lcc _cMONOGRAPH |
||
| 999 |
_c119814 _d119814 |
||